| 000 | 00803nam a2200301Ia 4500 | ||
|---|---|---|---|
| 001 | 23486 | ||
| 003 | IT-RoPAU | ||
| 008 | 130308s9999 xx 000 0 und d | ||
| 040 | _aIT-RoPAU | ||
| 040 | _cIT-RoPAU | ||
| 041 | _aINGLESE | ||
| 100 | _aEisler Hanns | ||
| 100 | _gCodice Aut. SPICS: 6985 | ||
| 245 | _aComposer and the Motion Picture (The) | ||
| 245 | _bEmergence Of Film Art (The) | ||
| 250 | _a1a ed. | ||
| 260 | _aNEW YORK | ||
| 260 | _bW.W. Norton & Company | ||
| 260 | _c1979 [1° Ed.:1969 - Ed.Ling.Originale:1947] | ||
| 300 | _a"8 p. (prefazione: no ; testo: 8 [pagine: 198-205])" | ||
| 500 | _aCompositore di Musica e Cinema | ||
| 650 | _aSTORIA DEL CINEMA | ||
| 650 | _eCodice materia Spics: 6808 | ||
| 942 | _cBK | ||
| 957 | _71 | ||
| 999 |
_c53555 _d53555 |
||
| 999 | _bSI | ||
| 999 | _g1 | ||